Civil disobedience and civil deviance
| 1. VerfasserIn: | |
|---|---|
| Medienart: | Druck Buch |
| Sprache: | Englisch |
| Veröffentlicht: |
Beverly Hills [u.a.]
Sage
1973
|
| In: |
Sage professional paper (1)
Jahr: 1973 |
| Bestand in Tübingen: | In Tübingen vorhanden. UB: KB 6 A 225-9 |
| Verfügbarkeit prüfen: | HBZ Gateway |
| Subito Bestelldienst: | Jetzt bestellen. |
MARC
| LEADER | 00000cam a22000002c 4500 | ||
|---|---|---|---|
| 001 | 1094307424 | ||
| 003 | DE-627 | ||
| 005 | 20251224220542.0 | ||
| 007 | tu | ||
| 008 | 910528s1973 xx ||||| 00| ||eng c | ||
| 035 | |a (DE-627)1094307424 | ||
| 035 | |a (DE-576)024307424 | ||
| 035 | |a (DE-599)BSZ024307424 | ||
| 035 | |a (OCoLC)00940461 | ||
| 040 | |a DE-627 |b ger |c DE-627 |e rakwb | ||
| 041 | |a eng | ||
| 082 | 0 | |a 322/.01 | |
| 100 | 1 | |a Ball, Terence |d 1944- |0 (DE-588)12933734X |0 (DE-627)394254104 |0 (DE-576)29760712X |4 aut | |
| 109 | |a Ball, Terence 1944- | ||
| 245 | 1 | 0 | |a Civil disobedience and civil deviance |c Terence Ball |
| 264 | 1 | |a Beverly Hills [u.a.] |b Sage |c 1973 | |
| 300 | |a 49 S. | ||
| 336 | |a Text |b txt |2 rdacontent | ||
| 337 | |a ohne Hilfsmittel zu benutzen |b n |2 rdamedia | ||
| 338 | |a Band |b nc |2 rdacarrier | ||
| 490 | 1 | |a Sage professional paper |a 4, American politics series |v 1 | |
| 583 | 1 | |a Archivierung prüfen |c 20200919 |f DE-640 |z 2 |2 pdager | |
| 830 | 0 | |a Sage professional paper |n 4 |p American politics series |v 1 |9 1 |w (DE-627)16644331X |w (DE-576)014802538 |w (DE-600)192316-X |7 am | |
| 951 | |a BO | ||
| ELC | |b 1 | ||
| LOK | |0 000 xxxxxcx a22 zn 4500 | ||
| LOK | |0 001 2165122414 | ||
| LOK | |0 003 DE-627 | ||
| LOK | |0 004 1094307424 | ||
| LOK | |0 005 20020606000000 | ||
| LOK | |0 008 910528||||||||||||||||ger||||||| | ||
| LOK | |0 040 |a DE-21 |c DE-627 |d DE-21 | ||
| LOK | |0 852 |a DE-21 | ||
| LOK | |0 852 1 |c KB 6 A 225-9 |9 00 | ||
| LOK | |0 935 |a krim | ||
| LOK | |0 936ln |a k10.3.2 | ||
| LOK | |0 939 |a 28-05-91 |b l01 | ||
| ORI | |a SA-MARC-krimdoka001.raw | ||
| SIG | |a UB: KB 6 A 225-9 | ||
